| 000 | 00959nas a2200301 4500 | ||
|---|---|---|---|
| 001 | BR2015005745 | ||
| 003 | BR-BrBNA | ||
| 005 | 20231205125810.0 | ||
| 007 | ta | ||
| 008 | 230509b bl.|||p| |||| 00| 00por d | ||
| 040 |
_aBR-BrBNA _bpor _cBiblioteca Nacional de Agricultura |
||
| 041 | _a(En) | ||
| 072 | _aE16 | ||
| 100 | 1 | _aGabriel Filho, L.R.A. | |
| 100 | 1 | _aPigatto, G.A.S. | |
| 100 | 1 | _aLourenzani, A.E.B.S. | |
| 245 | 1 | _aFuzzy rule-based system for evaluation of uncertainty transaction in cassava chain | |
| 650 | _aMANDIOCA | ||
| 650 | _aECONOMIA DA PRODUCAO | ||
| 650 | _aDADO | ||
| 650 | _aANALISE ECONOMICA | ||
| 650 | _aLOGISTICA | ||
| 650 | _aMODELO MATEMATICO | ||
| 773 | 0 |
_tEngenharia Agrícola (Brazil) _xISSN 1809-4430 _g(Mar-Apr 2015), v. 35(2) p. 350-367 _wBR2015005745 |
|
| 856 | 4 | 0 | _uhttp://www.scielo.br/pdf/eagri/v35n2/1809-4430-eagri-35-2-0350.pdf |
| 909 |
_a202311 _bLúcia _c55 _dLúcia Elande |
||
| 942 |
_2AGRIS _n0 _cANA |
||
| 999 |
_c246202 _d246202 |
||